00426nam a22001457a 4500020001500000082001600015100001600031245005800047260002800105300001000133650002300143942000700166999001500173952009200188 a1855544288 a658.404 BRA aBradley,Ken aManaging small projects in a PRINCE environment Vol.1 aoxfordbBlackwellc1994 a109 p aproject management cBK c2383d2383 0010708NFICaICbICcGENd2015-10-22l0o658.404 BRAp002424r2022-11-17 00:00:00yBK